| Tag |
First Indicator |
Second Indicator |
Subfields |
| LEADER |
00000pam a2200000 i 4500 |
| 001 |
in00000042958 |
| 005 |
20151007064941.0 |
| 008 |
790628s1979 nyu b 00000 eng |
| 010 |
|
|
|a 78018944
|
| 020 |
|
|
|a 0404160360
|
| 035 |
|
|
|a (OCoLC)05172530
|
| 035 |
|
|
|9 AAE0951AM
|
| 040 |
|
|
|a DLC
|c DLC
|d TXA
|d UtOrBLW
|
| 043 |
|
|
|a n-us---
|a e-ie---
|
| 049 |
|
|
|a TXAM
|c [1191920]
|
| 050 |
0 |
0 |
|a PS153.I78
|b I7
|
| 082 |
0 |
|
|a 813/.009
|
| 245 |
0 |
0 |
|a Irish-American fiction :
|b essays in criticism /
|c edited by Daniel J. Casey and Robert E. Rhodes.
|
| 264 |
|
1 |
|a New York :
|b AMS,
|c [1979]
|
| 264 |
|
4 |
|c ©1979
|
| 300 |
|
|
|a xiv, 343 pages ;
|c 22 cm.
|
| 336 |
|
|
|a text
|b txt
|2 rdacontent
|
| 337 |
|
|
|a unmediated
|b n
|2 rdamedia
|
| 338 |
|
|
|a volume
|b nc
|2 rdacarrier
|
| 504 |
|
|
|a Bibliography: pages 173-343.
|
| 505 |
0 |
|
|a Conners, M. E. Historical and fictional stereotypes of the Irish.--Fanning, C. Finley Peter Dunne and Irish-American realism.--Rhodes, R. E. F. Scott Fitzgerald.--O'Connell, B. The lost world of James T. Farrell's short stories.--Dillon, D. Priests and politicians.--Scott, B. K. Women's perspectives in Irish-American fiction from Betty Smith to Mary McCarthy.--Degnan, J. P. J. F. Powers.--Norstedt, J. A. Irishmen and Irish-Americans in the fiction of J. P. Donleavy.--Browne, J. John O'Hara and Tom McHale.--Murphy, M. Elizabeth Cullinan.--Casey, D. J. Heresy in the diocese of Brooklyn.
|
| 650 |
|
0 |
|a American fiction
|x Irish-American authors
|x History and criticism.
|
| 650 |
|
0 |
|a Irish Americans in literature.
|
| 650 |
|
0 |
|a American fiction
|x Irish-American authors
|x Bibliography.
|
| 700 |
1 |
|
|a Casey, Daniel J.,
|d 1937-
|
| 700 |
1 |
|
|a Rhodes, Robert E.,
|d 1927-
|
| 999 |
|
|
|a MARS
|
| 999 |
f |
f |
|s 2fa89c46-84b4-3038-99f2-c770faabe78f
|i 8e89330b-9650-3de2-8a22-936491403d77
|t 0
|
| 952 |
f |
f |
|p ric
|a Texas A&M University
|b Rellis Campus
|c Joint Library Facility
|d Remote Storage
|t 0
|e PS153.I78 I7
|h Library of Congress classification
|i unmediated -- volume
|m A14804028536
|
| 998 |
f |
f |
|a PS153.I78 I7
|t 0
|l Remote Storage
|